[Event "Istanbul Open 2017"]
[Site "Istanbul"]
[Date "2017.09.13"]
[Round "4"]
[White "Aslan, Nevzat"]
[Black "Inciler, Yusuf Efe"]
[Result "0-1"]
[WhiteElo "1681"]
[BlackElo "1494"]
[Annotator "NA RC"]
[PlyCount "112"]
[EventDate "2017.??.??"]
[EventType "swiss"]
[EventCountry "TUR"]
[SourceTitle "playchess.com"]
[Source "ChessBase"]
[SourceQuality "1"]
[TimeControl "5400+30"]

1. d4 d5 2. c4 c6 3. Nc3 Nf6 4. Nf3 e6 5. e3 Nbd7 6. Bd3 dxc4 7. Bxc4 b5 8. Bd3 Bb7 9. O-O Be7 10. e4 O-O 11. Bg5 a6 12. e5 Nd5 13. Bxe7 Qxe7 14. Ne4 Nf4 15. Bc2 f5 16. Nd6 Nb6 17. g3 Nfd5 18. Bb3 f4 19. Qd3 g6 20. Rac1 Rab8 21. a3 Ba8 22. Bd1 Qg7 23. Ng5 Qh6 24. Nxe6 fxg3 25. hxg3 Qxc1 26. Nxf8 Rxf8 27. Bg4 {[%emt 1:37:17]} Qg5 {[%emt 0:52:00]} 28. Be6+ {[%emt 0:00:30]} Kg7 {[%emt 0:00:30]} 29. Ne4 {[%emt 0:00:30]} Qe7 {[%emt 0:00:30]} 30. Nc5 {[%emt 0:00:30]} Na4 {[%emt 0:00:30]} 31. Bxd5 {[%emt 0:00:30]} Nxc5 {[%emt 0:00:30]} 32. dxc5 {[%emt 0:00:30]} cxd5 {[%emt 0:00:30]} 33. Qd4 {[%emt 0:00:30]} Qe6 {[%emt 0:00:30]} 34. Rc1 {[%emt 0:00:30]} Bc6 {[%emt 0:00:30]} 35. b3 {[%emt 0:00:30]} Rf5 {[%emt 0:00:30]} 36. Re1 {[%emt 0:00:30]} Rh5 {[%emt 0:00:30]} 37. g4 {[%emt 0:00:30]} Rg5 {[%emt 0:00:30]} 38. f3 {[%emt 0:00:26]} h5 {[%emt 0:00:30]} 39. Qf4 {[%emt 0:00:18]} Qf5 {[%emt 0:02:30]} 40. Qxf5 {[%emt 0:01:13]} gxf5 {[%emt 0:00:00]} 41. Kf2 {[%emt 0:00:48]} fxg4 {[%emt 0:00:00]} 42. fxg4 {[%emt 0:00:26]} Rxg4 {[%emt 0:00:30]} 43. e6 {[%emt 0:01:39]} Re4 {[%emt 0:00:30]} 44. Rg1+ {[%emt 0:00:19]} Kf6 {[%emt 0:00:00]} 45. Rg8 {[%emt 0:00:25]} Rxe6 {[%emt 0:01:00]} 46. Rh8 {[%emt 0:01:19]} Kg5 {[%emt 0:00:00]} 47. Rg8+ {[%emt 0:00:32]} Rg6 {[%emt 0:00:00]} 48. Rh8 {[%emt 0:00:47]} h4 {[%emt 0:00:30]} 49. Rh7 {[%emt 0:00:44]} Kg4 {[%emt 0:00:00]} 50. Ra7 {[%emt 0:01:27]} h3 {[%emt 0:00:00]} 51. Rh7 {[%emt 0:00:32]} d4 {[%emt 0:00:30]} 52. a4 {[%emt 0:00:45]} d3 {[%emt 0:00:00]} 53. axb5 {[%emt 0:00:12]} axb5 {[%emt 0:00:00]} 54. b4 {[%emt 0:01:43]} d2 {[%emt 0:00:30]} 55. Ke2 {[%emt 0:00:26]} Kg3 {[%emt 0:00:00]} 56. Kxd2 {[%emt 0:01:03]} h2 {[%emt 0:00:00]} 0-1

[Event "Istanbul Open 2017"]
[Site "Istanbul"]
[Date "2017.09.13"]
[Round "4"]
[White "Aydin, Ali Umut"]
[Black "Gultekin, Celal"]
[Result "1/2-1/2"]
[WhiteElo "1627"]
[BlackElo "1560"]
[Annotator "NA RC"]
[PlyCount "127"]
[EventDate "2017.??.??"]
[EventType "swiss"]
[EventCountry "TUR"]
[SourceTitle "playchess.com"]
[Source "ChessBase"]
[SourceQuality "1"]
[TimeControl "5400+30"]

1. d4 d5 2. Nc3 Nf6 3. Bg5 Bf5 4. e3 Nbd7 5. Bd3 Bxd3 6. Qxd3 c6 7. Nf3 h6 8. Bh4 e6 9. O-O g5 10. Bg3 Nh5 11. Be5 Rg8 12. Bg3 f5 13. Rae1 Nxg3 14. fxg3 Nf6 15. Nd1 Bd6 16. c4 Qe7 17. cxd5 cxd5 18. Nc3 a6 19. Qc2 Qc7 20. Qa4+ Qd7 21. Rc1 Ke7 22. Nd2 Rgc8 23. Qd1 Rc7 24. Qf3 Rac8 25. a3 b6 26. h3 Bxa3 27. Nxd5+ Qxd5 28. Rxc7+ Rxc7 29. bxa3 Rc2 30. Rf2 Qa2 31. Nf1 Rxf2 32. Qxf2 Qxa3 33. Qc2 b5 34. Kh2 b4 35. Nd2 Nd7 36. d5 Qc3 37. Qa2 Qxe3 38. Nc4 Qc3 39. Qxa6 exd5 40. Qd6+ Kd8 41. Nb6 Qc7 42. Qxc7+ Kxc7 43. Nxd5+ Kd6 44. Nxb4 Ke5 45. Nc6+ Ke4 46. Kg1 Ne5 47. Nxe5 Kxe5 48. Kf2 Ke4 49. Ke2 h5 50. Kf2 Kd4 51. Kf3 Kd3 52. h4 g4+ 53. Kf4 Ke2 54. Kg5 Kf2 55. Kxh5 Kxg3 56. Kg5 f4 57. h5 f3 58. gxf3 gxf3 59. h6 f2 60. h7 f1=Q 61. h8=Q {[%emt 1:55:50]} Qf4+ {[%emt 1:59:22]} 62. Kg6 {[%emt 0:00:30]} Qg4+ {[%emt 0:00:30]} 63. Kf7 {[%emt 0:00:30]} Qd7+ {[%emt 0:00:30]} 64. Kg8 {[%emt 0:00:30]} 1/2-1/2

[Event "Istanbul Open 2017"]
[Site "Istanbul"]
[Date "2017.09.13"]
[Round "4"]
[White "Gurses, Ayberk"]
[Black "Aslan, Dogukan"]
[Result "1-0"]
[WhiteElo "1601"]
[BlackElo "1605"]
[Annotator "NA RC"]
[PlyCount "121"]
[EventDate "2017.??.??"]
[EventType "swiss"]
[EventCountry "TUR"]
[SourceTitle "playchess.com"]
[Source "ChessBase"]
[SourceQuality "1"]
[TimeControl "5400+30"]

1. e4 c5 2. Nf3 g6 3. c3 Bg7 4. d4 cxd4 5. cxd4 d5 6. exd5 Nf6 7. Nc3 Nxd5 8. Bc4 Nb6 9. Bb3 O-O 10. Be3 Bg4 11. h3 Bxf3 12. Qxf3 Nc6 13. d5 Ne5 14. Qe2 Rc8 15. O-O Nec4 16. Bg5 Re8 17. Rac1 Nd6 18. Na4 Nf5 19. Nxb6 Qxb6 20. Ba4 Ng3 21. Qg4 Nf5 22. Bxe8 Rxe8 23. b3 Qa5 24. Qc4 h6 25. b4 Qb6 26. Bf4 g5 27. Bc7 Qg6 28. Qb5 Rf8 29. Qxb7 g4 30. Qc6 Bf6 31. g3 Nd4 32. Qc4 Qe4 33. f3 Qe3+ 34. Kh1 gxf3 35. Bf4 Qe4 36. Rce1 Qf5 37. Kh2 Rc8 38. Bc7 f2 39. Rd1 Nf3+ 40. Kg2 Ne5 41. Qf4 Qxf4 42. gxf4 Nc4 43. Be5 Ne3+ 44. Kxf2 Nxd1+ 45. Rxd1 Bxe5 46. fxe5 Kf8 47. Ke3 Rc2 48. Rd2 Rc3+ 49. Rd3 Rc2 50. Ra3 Rb2 {[%emt 1:50:13]} 51. Rxa7 {[%emt 1:52:37]} Rxb4 {[%emt 0:00:30]} 52. a4 {[%emt 0:00:30]} Rb3+ {[%emt 0:00:30]} 53. Kd4 {[%emt 0:00:30]} Rxh3 {[%emt 0:00:30]} 54. a5 {[%emt 0:00:30]} Ra3 {[%emt 0:00:30]} 55. Ra8+ {[%emt 0:00:30]} Kg7 {[%emt 0:00:30]} 56. d6 {[%emt 0:00:30]} exd6 {[%emt 0:00:30]} 57. exd6 {[%emt 0:00:30]} Ra1 {[%emt 0:00:30]} 58. Kc5 {[%emt 0:00:30]} Kf6 {[%emt 0:00:30]} 59. d7 {[%emt 0:00:30]} Rc1+ {[%emt 0:00:30]} 60. Kb6 {[%emt 0:00:30]} Rb1+ {[%emt 0:00:30]} 61. Ka6 {[%emt 0:00:30]} 1-0

[Event "Istanbul Open 2017"]
[Site "Istanbul"]
[Date "2017.09.13"]
[Round "4"]
[White "Esti, Kubra Selenay"]
[Black "Kilic, Eray"]
[Result "0-1"]
[WhiteElo "1583"]
[BlackElo "1727"]
[Annotator "NA RC"]
[PlyCount "47"]
[EventDate "2017.??.??"]
[EventType "swiss"]
[EventCountry "TUR"]
[SourceTitle "playchess.com"]
[Source "ChessBase"]
[SourceQuality "1"]
[TimeControl "5400+30"]

1. e4 c5 2. Nf3 Nc6 3. d4 cxd4 4. Nxd4 g6 5. c4 Nf6 6. Nc3 Nxd4 7. Qxd4 d6 8. f3 Bg7 9. Be3 O-O 10. Qd2 a5 11. Na4 Nd7 12. Be2 Nc5 13. Nxc5 dxc5 14. Bxc5 Qc7 15. Ba3 Be6 16. O-O Rfd8 17. Qc1 Rac8 18. Kh1 Rd7 19. Rd1 Rcd8 20. Rd5 Bxd5 21. cxd5 Qb8 22. Qd2 Be5 23. Qxa5 Bxh2 24. Bc5 {[%emt 1:41:32]} 0-1

[Event "Istanbul Open 2017"]
[Site "Istanbul"]
[Date "2017.09.13"]
[Round "4"]
[White "Kabadayi, Suleyman Arda"]
[Black "Ozbag, Berat"]
[Result "1/2-1/2"]
[WhiteElo "1579"]
[BlackElo "1638"]
[Annotator "NA RC"]
[PlyCount "84"]
[EventDate "2017.??.??"]
[EventType "swiss"]
[EventCountry "TUR"]
[SourceTitle "playchess.com"]
[Source "ChessBase"]
[SourceQuality "1"]
[TimeControl "5400+30"]

1. e4 e5 2. Nf3 Nc6 3. Bb5 a6 4. Bxc6 dxc6 5. d4 exd4 6. Qxd4 Qxd4 7. Nxd4 Bc5 8. Be3 Nf6 9. f3 O-O 10. Nd2 Re8 11. N2b3 Bb6 12. Kf2 Nd7 13. Nf5 g6 14. Bxb6 gxf5 15. Bxc7 fxe4 16. fxe4 Rxe4 17. Rhe1 Nf6 18. h3 Bf5 19. c3 Nd5 20. Bh2 b5 21. Rxe4 Bxe4 22. Re1 f5 23. Nc5 Re8 24. g4 Kf7 25. gxf5 Bxf5 26. Rxe8 Kxe8 27. Nxa6 Bxh3 28. Nb4 Ne7 29. Ke3 Kd7 30. Kd4 Bg2 31. Kc5 Nf5 32. b3 Ne3 33. a4 bxa4 34. bxa4 Nd5 35. Nxd5 cxd5 36. a5 Kc8 37. a6 h5 38. Kb6 h4 39. a7 d4 40. cxd4 h3 41. Bb8 Bf3 42. Bg3 Bg2 {[%emt 1:27:30]} 1/2-1/2

[Event "Istanbul Open 2017"]
[Site "Istanbul"]
[Date "2017.09.14"]
[Round "5"]
[White "Abasov, Nijat"]
[Black "Rasulov, Vugar"]
[Result "1/2-1/2"]
[WhiteElo "2575"]
[BlackElo "2504"]
[Annotator "TA"]
[PlyCount "54"]
[EventDate "2017.??.??"]
[EventType "swiss"]
[EventCountry "TUR"]
[SourceTitle "playchess.com"]
[Source "ChessBase"]
[SourceQuality "1"]

1. d4 {Program Activation Required} d5 2. c4 c6 3. cxd5 cxd5 4. Bg5 Nc6 5. Nc3 h6 (5... Nf6 6. Bxf6 gxf6 7. e3 a6 8. Rc1 Bf5 9. Bd3 Bg6 10. f4 f5 11. h4 h5 12. Nf3 e6 13. Na4 f6 {½-½ (39) Grischuk,A (2761)-Carlsen,M (2832) Paris 2017}) 6. Bh4 {D10: Damengambit (Slawische Verteidigung)} Nf6 7. Bxf6 gxf6 $146 ({Vorgänger:} 7... exf6 8. e3 Bb4 9. Bd3 Bxc3+ 10. bxc3 O-O 11. Qf3 Be6 {½-½ (43) Lagno,K (2539)-Karavade,E (2388) Khanty-Mansiysk 2017}) 8. e3 e6 9. Nf3 Bd7 10. Be2 Bg7 11. O-O O-O 12. Bd3 Qe7 13. Rc1 Rfc8 14. Qd2 a6 15. e4 dxe4 16. Bxe4 f5 17. Bb1 Qd6 18. d5 Ne5 19. Nxe5 Bxe5 20. Qxh6 Bf4 21. Qh4 Bxc1 22. Rxc1 exd5 23. Rd1 Re8 24. Nxd5 Qxd5 25. Qg5+ Kf8 26. Qh6+ Kg8 27. Qg5+ Kf8 1/2-1/2

[Event "Istanbul Open 2017"]
[Site "Istanbul"]
[Date "2017.09.14"]
[Round "5"]
[White "Benidze, Davit"]
[Black "Bogdanovich, Stanislav"]
[Result "1-0"]
[WhiteElo "2520"]
[BlackElo "2593"]
[Annotator "TA"]
[PlyCount "103"]
[EventDate "2017.??.??"]
[EventType "swiss"]
[EventCountry "TUR"]
[SourceTitle "playchess.com"]
[Source "ChessBase"]
[SourceQuality "1"]

{[%evp 14,103,8,0,22,23,25,27,30,18,31,25,27,26,23,14,10,0,0,0,4,-25,19,20,22,21,40,34,58,51,57,52,74,50,99,98,91,92,139,132,155,140,152,157,186,186,186,186,186,186,200,200,204,210,295,196,196,168,169,168,168,168,168,168,168,168,168,168,199,197,196,193,354,300,327,59,106,387,5527,2749,29967,5181,29971,29972,29972,29973,29978,29976,29982,29983,29983,29984]} 1. c4 e5 2. Nc3 d6 3. g3 g6 4. Bg2 Bg7 5. Nf3 Nf6 6. d3 O-O 7. O-O Re8 8. e4 {LiveBook: 21 Games} Bg4 {A24: English Opening vs King's Indian: Lines without ...Nc6} (8... a6 9. h3 c6 10. Be3 b5 11. a3 Nbd7 12. cxb5 axb5 13. d4 Bb7 14. Qc2 exd4 15. Nxd4 Qe7 16. Rad1 {1-0 (38) Slobodjan,R (2464)-Miller,E (2298) Germany 2017}) 9. h3 Bxf3 10. Bxf3 Nc6 {White has an edge.} 11. Bg2 Nd7 {[%cal Bf6d7,Bd7c5,Bc5e6][%mdl 32]} 12. Be3 Nc5 13. Qd2 $146 ({Predecessor:} 13. a3 a5 14. b3 Ne6 15. Rb1 h5 16. b4 axb4 17. axb4 {0-1 (40) Di Misa,S (1962)-Pisacane,P (2058) Erice 2014}) 13... a5 14. Rad1 Nd4 15. Kh1 c6 16. Ne2 Nce6 17. Rde1 f5 (17... a4 {is interesting.} 18. h4 Rb8 19. Rb1 b5 20. cxb5 Rxb5 21. Nc3 Rb4) 18. Nxd4 exd4 19. Bf4 $1 fxe4 20. Rxe4 Nxf4 21. Qxf4 Rxe4 22. Bxe4 Qb6 23. b3 Qc5 24. Qg4 Rf8 25. h4 Rf7 26. Kg2 Qh5 27. Qxh5 gxh5 $16 {[%mdl 4096] Endgame KRB-KRB} 28. Re1 Bf8 29. Bf3 Re7 30. Rxe7 $1 Bxe7 31. Bxh5 $18 {KB-KB} Kg7 32. Kh3 d5 33. cxd5 cxd5 (33... Bd6 $142 34. dxc6 bxc6) 34. Bf3 b6 35. Bh5 Bb4 36. Kg4 Be1 37. Kf3 $1 h6 38. Ke2 Bb4 39. f4 Bd6 40. a3 Bxa3 41. g4 $1 Bd6 42. Kf3 Kf8 $2 (42... b5 43. Be8 Be7) 43. g5 hxg5 44. hxg5 {Hoping for Kg4.} ({Less strong is} 44. fxg5 b5 $14) 44... b5 $1 {[#] And now ...a4 would win.} 45. Kg3 $1 a4 $2 (45... Ke7 46. Bd1 Ke6) 46. bxa4 bxa4 47. Bd1 (47. Bf3 $142 Bc7 48. Bxd5 Bd8 49. Kg4 Ke7 50. Bc4 Kf8 51. f5 Kg7 52. f6+ Kg6 53. Bb5 Bxf6 54. Be8+ Kg7 55. gxf6+ Kxf6 56. Bxa4) 47... a3 48. Bb3 {White mates.} Ke7 49. Bxd5 Bb4 50. Kg4 Bd2 51. f5 Kd6 {[#]} 52. g6 $1 {Precision: White = 79%, Black = 39%.} 1-0

[Event "Istanbul Open 2017"]
[Site "Istanbul"]
[Date "2017.09.14"]
[Round "5"]
[White "Maghalashvili, Davit"]
[Black "Petrov, Marian"]
[Result "1-0"]
[WhiteElo "2512"]
[BlackElo "2470"]
[Annotator "TA"]
[PlyCount "81"]
[EventDate "2017.??.??"]
[EventType "swiss"]
[EventCountry "TUR"]
[SourceTitle "playchess.com"]
[Source "ChessBase"]
[SourceQuality "1"]

1. Nf3 {Program Activation Required} g6 2. g3 Bg7 3. d4 c5 4. c3 Qa5 5. d5 (5. Nbd2 cxd4 6. Nb3 Qb6 7. cxd4 Nf6 8. Bg2 O-O 9. O-O d6 10. Re1 Bf5 11. Bg5 Nc6 12. d5 Nb4 13. Nfd4 {½-½ (85) Prohaszka,P (2601)-Kuzubov,Y (2646) Benasque 2017}) 5... Nf6 6. Bg2 {A40: Verschiedene (seltene) Antworten auf 1.d4} d6 7. O-O b5 8. Nbd2 O-O $146 ({Vorgänger:} 8... Bb7 9. e4 Nbd7 10. a4 a6 11. Re1 O-O 12. h3 Qc7 {½-½ (57) Loncar,R (2406)-Chatalbashev,B (2522) Salsomaggiore Terme 2000}) 9. e4 Nbd7 10. a4 Rb8 11. Nb3 Qc7 12. axb5 Nxe4 13. Re1 Nef6 14. c4 Nb6 15. Na5 Re8 16. Bd2 Ra8 17. Bc3 a6 18. bxa6 Rxa6 19. b3 Bd7 20. Qd2 Nh5 21. Ng5 Bxc3 22. Qxc3 Nf6 23. Nc6 Rxa1 24. Rxa1 Bxc6 25. dxc6 h6 26. Ne4 Nxe4 27. Bxe4 e6 28. Bf3 Rb8 29. Ra5 Nc8 30. Rb5 Rxb5 31. cxb5 h5 32. b4 cxb4 33. Qxb4 Kf8 34. Be2 Qa7 35. Bd3 Ke8 36. Qc3 Ke7 37. Qg7 d5 38. Bxg6 Nd6 39. Bxh5 Qc5 40. Qg5+ Ke8 41. Qf6 1-0

[Event "Istanbul Open 2017"]
[Site "Istanbul"]
[Date "2017.09.14"]
[Round "5"]
[White "Shanava, Konstantine"]
[Black "Grigoriev, Armen"]
[Result "1-0"]
[WhiteElo "2504"]
[BlackElo "2143"]
[Annotator "TA"]
[PlyCount "75"]
[EventDate "2017.??.??"]
[EventType "swiss"]
[EventCountry "TUR"]
[SourceTitle "playchess.com"]
[Source "ChessBase"]
[SourceQuality "1"]

1. e4 {Program Activation Required} Nf6 2. Nc3 d5 3. e5 d4 4. Nce2 Ng4 5. f4 c5 6. Nf3 {B02: Aljechin-Verteidigung (Jagdvariante)} Nc6 (6... h5 7. b4 d3 8. Ng3 dxc2 9. Qxc2 cxb4 10. Bc4 e6 11. f5 exf5 12. d4 Be6 13. O-O Nc6 {0-1 (30) Ponkratov,P (2624)-Khismatullin,D (2679) Khanty-Mansiysk 2014}) 7. Ng3 Nh6 8. Bc4 e6 9. O-O Be7 10. Ng5 $146 ({Vorgänger:} 10. d3 O-O 11. a4 a6 12. Bd2 Na5 13. Ba2 Bd7 {½-½ (36) Dodwell,P (2015)-Rudd,D (1920) Sunningdale 2008}) 10... O-O 11. h4 Bd7 12. a3 b5 13. Bd3 g6 14. Bxb5 Nxe5 15. fxe5 Bxb5 16. d3 Nf5 17. N3e4 Bc6 18. Qg4 Qd5 19. Bf4 h5 20. Qh3 Nh6 21. b3 Ng4 22. Rae1 Rad8 23. a4 f5 24. exf6 Bxf6 25. Qg3 Bg7 26. Bc7 Rc8 27. Qd6 Qxd6 28. Bxd6 Rxf1+ 29. Rxf1 Bd5 30. a5 a6 31. g3 Rc6 32. Bxc5 Rc8 33. b4 Be5 34. Rf3 Ne3 35. Nf6+ Bxf6 36. Rxf6 Nxc2 37. Rxg6+ Kh8 38. Bd6 1-0

[Event "Istanbul Open 2017"]
[Site "Istanbul"]
[Date "2017.09.14"]
[Round "5"]
[White "Bashirli, Nail"]
[Black "Karaokcu, Erkin"]
[Result "1-0"]
[WhiteElo "2352"]
[BlackElo "2206"]
[Annotator "TA"]
[PlyCount "125"]
[EventDate "2017.??.??"]
[EventType "swiss"]
[EventCountry "TUR"]
[SourceTitle "playchess.com"]
[Source "ChessBase"]
[SourceQuality "1"]

{[%evp 16,125,45,44,77,83,75,43,58,38,45,38,36,0,0,0,18,18,29,27,28,-12,-29,-21,-15,-42,-33,-166,-181,-176,-160,-182,-176,-176,-179,-169,-82,-90,-85,-70,81,83,131,130,134,128,120,127,135,47,105,102,101,83,128,118,125,116,114,122,118,82,88,80,129,132,176,147,152,151,177,177,172,172,448,162,164,143,148,153,147,141,159,155,169,128,157,128,132,129,137,137,118,72,260,253,237,228,402,184,29990,29991,29991,29992,29993,29992,29994,29995,29997,29997,29997,29996]} 1. e4 e5 2. Nf3 Nf6 {[%cal Bg8f6,Bf6e4,Be4d6,Bd6c4][%mdl 32]} 3. Nxe5 d6 4. Nf3 Nxe4 5. d4 d5 6. Bd3 Nc6 7. O-O Be7 8. Nbd2 Bf5 9. Re1 {[%cal Rd2e4] LiveBook: 63 Games} Nd6 {C42: Petroff Defence: 3 Nxe5 and unusual White 3rd moves} 10. Nf1 $1 O-O 11. Ng3 (11. Bf4 $5 {[%cal Rf4d6]} Bg6 12. Ne3 $14) 11... Bg6 {White is slightly better.} 12. Bf4 Nc4 13. Bxg6 $146 fxg6 14. b3 Rxf4 15. bxc4 Bb4 16. Re3 dxc4 {[%cal Rc6d4]} 17. c3 Bf8 $1 18. Rb1 Qd5 19. Qa4 {aiming for Rb5.} a6 $1 20. Rxb7 Nxd4 $1 21. Rxc7 (21. cxd4 $15 Qxb7 22. Qxc4+ Kh8 23. Ne5) 21... Nb5 $1 $19 {[%cal Rb5c7]} ({Inferior is} 21... Nxf3+ 22. Rxf3 Rxf3 23. gxf3 $11) 22. Re5 Qd6 $1 23. Rcc5 {Strongly threatening Rxb5.} Nxc3 24. Qa5 Qd1+ $1 25. Re1 Qa4 (25... Qd8 $1 $19 {and Black stays clearly on top.} 26. Qxd8 Rxd8) 26. Qxc3 {Threatens to win with Rc7.} Bxc5 27. Qe5 {[#]} Raf8 $2 (27... Rxf3 $1 $15 28. Qd5+ (28. gxf3 Qc6) 28... Kh8 29. gxf3 Rc8) 28. Qxc5 $16 Qb5 29. Qe3 Qd5 30. h3 h6 31. Qc1 Kh7 32. Ne2 (32. a3 $16) 32... Re4 (32... Rxf3 $1 $14 33. gxf3 Rxf3) 33. Rd1 $1 {[%cal Rd1d5]} Qc5 34. Nc3 Ref4 35. Rd5 $36 {[%mdl 2048] Black is under strong pressure.} Qc8 36. Qe3 R4f5 37. Rd4 Rd8 38. Rxd8 Qxd8 39. Ne5 Qg5 40. Nxc4 Qf6 41. a3 Qc6 {[#]} 42. Nd2 $1 Rc5 43. Nde4 Ra5 44. a4 Qc4 $2 {[#]} (44... Rf5 45. f3 Rf8) 45. f3 $2 (45. Nf6+ $1 {[%mdl 512]} gxf6 46. Qe7+ Kg8 47. Qd8+ Kg7 48. Qxa5) 45... Re5 $18 46. Qf4 Qe6 47. Kh2 Qe7 48. Qd2 Qe8 49. Qd4 Re6 50. Qa7 Qd8 51. Qc5 Qb8+ 52. Kh1 Qf4 53. Nd5 Qe5 54. Nc7 Qa1+ $2 (54... Qxc5 $16 55. Nxc5 Re1+ 56. Kh2 a5) 55. Kh2 Re5 56. Qd6 Ra5 $2 (56... a5 {was necessary.} 57. Ne6 Rxe6 58. Qxe6 Qxa4) 57. Ne6 (57. f4 $142) 57... Rxa4 $2 (57... Qe5+ $18 58. Qxe5 Rxe5) 58. Nf8+ {White mates.} Kg8 59. Qe6+ Kh8 60. Nxg6+ Kh7 61. Ne7 {[%csl Ge7][%cal Re6g8]} Qa2 62. Qg6+ Kh8 {[#]} 63. Ng5 $1 {[%mdl 512] Precision: White = 40%, Black = 39%.} 1-0

[Event "Istanbul Open 2017"]
[Site "Istanbul"]
[Date "2017.09.14"]
[Round "5"]
[White "Guseynov, Alihan"]
[Black "Kocak, Can"]
[Result "1-0"]
[WhiteElo "2333"]
[BlackElo "1971"]
[Annotator "TA"]
[PlyCount "57"]
[EventDate "2017.??.??"]
[EventType "swiss"]
[EventCountry "TUR"]
[SourceTitle "playchess.com"]
[Source "ChessBase"]
[SourceQuality "1"]

{[%evp 23,57,7,22,2,5,5,6,-16,-16,-22,163,164,191,127,347,324,379,364,528,525,518,512,498,462,434,307,460,451,583,557,721,720,715,712,12838,12837]} 1. d4 d6 2. e4 Nf6 3. Nc3 g6 4. f4 Bg7 5. Nf3 O-O 6. e5 dxe5 7. fxe5 Nd5 8. Bc4 Be6 9. Qe2 {B09: Pirc Defence: Austrian Attack} (9. Nxd5 Bxd5 10. Bxd5 Qxd5 11. Qe2 Nc6 12. c4 Qa5+ 13. Bd2 Qa6 14. d5 Na5 15. Rc1 b6 16. O-O Rad8 17. Bg5 f6 18. Bh4 Nb7 19. Nd4 Nc5 20. b4 Rxd5 21. cxd5 {1-0 (21) Salem,A (2656)-Mamedov,R (2688) Doha 2016}) 9... Nxc3 10. bxc3 Bxc4 11. Qxc4 Nd7 12. O-O Nb6 {LiveBook: 3 Games} 13. Qb3 {[#]} c5 $146 ({Predecessor:} 13... Qd5 14. Rb1 Qxb3 15. Rxb3 f6 16. e6 Rab8 {½-½ (35) Battaglini,G (2426)-Libiszewski,F (2547) London 2016}) 14. dxc5 Nd7 15. e6 (15. Be3 $5 {[%cal Re5e6]} Nxe5 16. Nxe5 (16. Qxb7 Ng4 $11) 16... Bxe5 17. Qxb7 $14) 15... Nxc5 16. exf7+ Kh8 $2 (16... Rxf7 $11 17. Qc4 Nd7) 17. Qc4 $18 Qa5 18. Be3 ({Better is} 18. Bd2 $18) 18... Na4 $2 (18... Qxc3 $16 19. Qxc3 (19. Qxc5 Qxc5 20. Bxc5 Bxa1 $16) 19... Bxc3) 19. Qh4 {[#] aiming for Ng5.} Qxc3 20. Rae1 Nb6 (20... Rxf7 $142 21. Qxa4 a5) 21. Ng5 {[%csl Gg5][%cal Rh4h7]} h5 22. Qe4 Qc6 23. Qxc6 bxc6 24. Ne6 Rfc8 (24... Bf6 {was necessary.} 25. Nxf8 Rxf8) 25. Bc5 {White is clearly winning.} Nd5 26. c4 Nf6 27. Nxg7 Kxg7 28. Rxe7 Kh6 29. Rxf6 {Precision: White = 61%, Black = 26%.} 1-0

[Event "Istanbul Open 2017"]
[Site "Istanbul"]
[Date "2017.09.14"]
[Round "5"]
[White "Darban, Morteza"]
[Black "Sahin, Handenur"]
[Result "1-0"]
[WhiteElo "2300"]
[BlackElo "1962"]
[Annotator "TA"]
[PlyCount "47"]
[EventDate "2017.??.??"]
[EventType "swiss"]
[EventCountry "TUR"]
[SourceTitle "playchess.com"]
[Source "ChessBase"]
[SourceQuality "1"]

{[%evp 12,47,5,4,18,14,17,17,6,2,24,9,60,3,23,-12,0,-12,-20,-10,-2,-5,0,0,0,-15,-8,-16,-11,-10,32,18,212,229,203,131,29998,29999]} 1. c4 e5 2. Nc3 Bb4 3. g3 Bxc3 4. bxc3 d6 5. Bg2 Nc6 6. d3 Nge7 {A21: English Opening: 1...e5 2 Nc3} 7. Nf3 {LiveBook: 21 Games} (7. Nh3 f6 8. e4 Be6 9. f4 g6 10. g4 h5 11. g5 Bg4 12. Qc2 Qd7 13. Nf2 exf4 14. Bxf4 fxg5 15. Bxg5 {½-½ (33) Johansson,L (2448)-Grandelius,N (2655) Vaxjo 2017}) 7... Be6 8. Rb1 Rb8 {The position is equal.} 9. O-O h6 10. e4 $146 ({Predecessor:} 10. Ne1 Qd7 11. e4 O-O 12. Nc2 f5 13. exf5 Nxf5 {0-1 (32) Porras Mateo,F (2248)-Bru Rullo,L (2199) Barcelona 2016}) 10... Qc8 11. Re1 Bh3 (11... O-O $11) 12. Bh1 (12. Bxh3 $14 Qxh3 13. d4) 12... O-O 13. Be3 Bg4 14. Qc2 f5 15. exf5 $1 Nxf5 16. Nd2 Kh8 17. Bg2 a6 18. Nb3 Bh3 19. Be4 Qe8 20. Qe2 Nce7 21. d4 Ng6 $2 {[#]} (21... Nc6 $11 {and Black has nothing to worry.}) 22. Qh5 $1 $18 {[%cal Rh5h3]} exd4 23. Bxd4 {Threatens to win with Bxf5.} ({Not} 23. Qxh3 Qxe4 24. Bxh6 Qc2 $14) 23... Nfh4 $2 {[%mdl 8192]} (23... Ngh4 $16 24. Qxe8 Rfxe8) 24. Qxh6+ {Precision: White = 50%, Black = 17%.} 1-0